000 00348nam a2200133Ia 4500
008 240624s9999 xx 000 0 und d
041 _aeng
082 _a823 BHA
100 _aBHAGAT CHETAN
245 _aFIVE POINT SOMEONE WHAT NOT TO DO AT IIT
260 _c2007
_aNew Delhi
_bRupa Company
300 _axi, : 270 : p. : cm. ; 21
365 _cRS
_b20
999 _c8047
_d8047